[Event "EThessaloniki SSTH HALK-ch U16"]
[Site "Thessaloniki"]
[Date "2017.11.26"]
[Round "6.3"]
[White "Alexopoulos, Nikolaos"]
[Black "Negros, Athanasios"]
[Result "0-1"]
[WhiteElo "1000"]
[BlackElo "1000"]
[PlyCount "104"]
[EventDate "2017.10.01"]
[EventType "swiss"]
[EventRounds "6"]
[EventCountry "GRE"]
[SourceTitle "EXT 2024"]
[Source "ChessBase"]
[SourceDate "2023.10.10"]
[SourceVersion "1"]
[SourceVersionDate "2023.10.10"]
[SourceQuality "1"]

1. e4 e5 2. Nf3 Bc5 3. Bc4 Nf6 4. Ng5 d5 5. Bb5+ c6 6. Ba4 b5 7. 0-0 bxa4 8. Nc3 Qa5 9. d3 d4 10. b4 Bxb4 11. Ne2 h6 12. Nf3 Bc3 13. Rb1 c5 14. Ba3 Na6 15. Nxe5 Nb4 16. Nc6 Nxc6 17. Nf4 Bd2 18. Qe2 Bxf4 19. g3 Qc3 20. Bb2 Bg4 21. Qe1 Qxe1 22. Rfxe1 Bd2 23. Rf1 Be2 24. e5 Nxe5 25. c4 Nf3+ 26. Kh1 Bxf1 27. Rxf1 0-0 28. Rd1 Rae8 29. Bc1 Re1+ 30. Rxe1 Bxe1 31. Kg2 Ng5 32. Kf1 Re8 33. Ba3 Nh3 34. Bxc5 Bxf2 35. Kg2 Ng1 36. Kxf2 Nh3+ 37. Kg2 Re5 38. Bxd4 Rh5 39. c5 g5 40. Bxf6 g4 41. c6 Rc5 42. d4 Rxc6 43. d5 Rxf6 44. a3 Rd6 45. Kf1 Rxd5 46. Ke2 Rf5 47. Ke3 Rf3+ 48. Ke4 Ng5+ 49. Kd5 Rf5+ 50. Kc4 Nf3 51. Kb4 Nd2 52. Kxa4 a5 0-1